000
00226nam a22000857a 4500
008
170621b xxu||||| |||| 00| 0 eng d
100
_9
3603
_a
Tarafder. S. K
245
_a
Effective letter writting
260
_a
New Delhi
_b
A. P. H
_c
2008
999
_c
6991
_d
6991